MARC

LEADER 00000nbm0a2200000 4500
001 146407
005 20231031144610.0
035 |a (RuTPU)RU\TPU\book\158704 
090 |a 146407 
100 |a 20081029d1964 k y0rusy50 ca 
101 0 |a rus 
102 |a RU 
105 |a a m 001zy 
200 1 |a Некоторые вопросы конструирования микротрона  |e Диссертация на соискание ученой степени кандидата технических наук  |f Б. З. Кантер  |g Томский институт радиоэлектроники и электронной техники (ТИРиЭТ) ; Томский политехнический институт (ТПИ), Научно-исследовательский институт ядерной физики, электроники и автоматики (НИИ ЯФЭА) ; науч. рук. А. Н. Диденко 
210 |a Томск  |d 1964 
215 |a 188 л.  |c ил. 
320 |a Библиогр.: с. 182-188 (108 назв.) 
610 1 |a диссертации 
610 1 |a микротроны 
610 1 |a конструирование 
610 1 |a параметры 
610 1 |a усовершенствование 
610 1 |a ускоряющие системы 
610 1 |a пучки 
610 1 |a характеристика 
675 |a 539.152.1.077(04)  |v 3 
700 1 |a Кантер  |b Б. З. 
702 1 |a Диденко  |b А. Н.  |4 727 
712 0 2 |a Томский институт радиоэлектроники и электронной техники (ТИРиЭТ)  |c (1962-1971)  |2 stltpush  |3 (RuTPU)RU\TPU\col\44 
712 0 2 |a Томский политехнический институт (ТПИ)  |b Научно-исследовательский институт ядерной физики, электроники и автоматики (НИИ ЯФЭА)  |c (1958-1975)  |2 stltpush  |3 (RuTPU)RU\TPU\col\12423 
801 1 |a RU  |b 63413507  |c 20081029  |g PSBO 
801 2 |a RU  |b 63413507  |c 20081029  |g PSBO 
942 |c BK